Clinical reasoning in the health professions / (رقم التسجيلة. 79467)
[ عرض عادي ]
| 000 -الفاتح | |
|---|---|
| حقل البيانات ثابتة الطول | 04837cam a2200433 i 4500 |
| 001 - رقم الضبط | |
| رقم الضبط | 1019999509 |
| 003 - محدد رقم الضبط | |
| رقم الضبط | OCoLC |
| 005 - وقت وتاريخ اخر تعامل مع التسجيلة | |
| رقم الضبط | 20210305194929.0 |
| 008 - عناصر البيانات ثابتة الطول - معلومات عامة | |
| حقل البيانات ثابتة الطول | 180122s2019 stka b 001 0 eng |
| 020 ## - الرقم الدولى المعيارى للكتب | |
| الرقم الدولى المعيارى للكتاب | 9780702062247 |
| 020 ## - الرقم الدولى المعيارى للكتب | |
| الرقم الدولى المعيارى للكتاب | 0702062243 |
| 020 ## - الرقم الدولى المعيارى للكتب | |
| الرقم الدولى المعيارى للكتاب الملغى /الخاطئ | 9780702065057 |
| 020 ## - الرقم الدولى المعيارى للكتب | |
| الرقم الدولى المعيارى للكتاب الملغى /الخاطئ | 0702065056 |
| 035 ## - رقم ضبط النظام | |
| رقم ضبط النظام | (OCoLC)1019999509 |
| رقم الضبط الملغى والمتاح | (OCoLC)1065379335 |
| 040 ## - مصدر الفهرسة | |
| وكالة الفهرسة الأصلية | NLM |
| لغة الفهرسة | eng |
| قواعد الوصف | rda |
| وكالة النسخ | NLM |
| وكالة التعديل | YT1 |
| -- | UKMGB |
| -- | OCLCF |
| -- | CHVBK |
| -- | YDX |
| -- | Z8Q |
| -- | YDXIT |
| -- | IAX |
| -- | MNU |
| -- | PIT |
| -- | OCLCO |
| 042 ## - رمز التحقق | |
| رمز التحقق | pcc |
| 050 #4 - رقم طلب مكتبة الكونجرس | |
| رقم التصنيف | R723 |
| رقم المادة | .C57 2019 |
| 082 04 - رقم تصنيف ديوى العشرى | |
| رقم التصنيف | 610.1 |
| رقم الطبعة | 23 |
| رقم المادة | CLR |
| 245 00 - بيان العنوان | |
| العنوان | Clinical reasoning in the health professions / |
| بيان المسئوليه,etc | edited by Joy Higgs, Gail M. Jensen, Stephen Loftus, Nicole Christensen |
| 250 ## - بيان الطبعة | |
| بيان الطبعة | Fourth edition |
| 264 #1 - النشر, التوزيع, ETC. (IMPRINT) | |
| مكان الناشر او الموزع | Edinburgh ; |
| -- | New York : |
| اسم الناشر او الموزع | Elsevier, |
| تاريخ النشر أو التوزيع | 2019 |
| 300 ## - الوصف المادى | |
| التعداد | xix, 511 pages : |
| تفاصيل ماديه اخرى للوعاء | illustrations ; |
| أبعاد الوعاء | 24 cm |
| 504 ## - تبصرة ببليوجرافية | |
| تبصرة ببليوجرافية,الخ | Includes bibliographical references and index |
| 505 0# - تبصرة محتويات-الفهرس | |
| تبصرة المحتويات المصاغة | Section 1. Understanding clinical reasoning. Clinical reasoning: challenges of interpretation and practice in the 21st century -- Re-interpreting clinical reasoning: a model of encultured decision making practice capabilities -- Multiple spaces of choice, engagement and influence in clinical decision making -- Clinical reasoning and models of practice -- The development of clinical reasoning expertise -- Expertise and clinical reasoning -- Section 2. The changing context of clinical reasoning and practice. The context of clinical reasoning across the health professions in the 21st century -- Changing demographic and cultural dimensions of populations: Implications for healthcare and decision making -- Clinical thinking, client expectations and patient-centred care -- Next generation clinical practice guidelines -- Action and narrative: Two dynamics of clinical reasoning -- The language of clinical reasoning -- Evidence-based practice and clinical reasoning: In tension, tandem or two sides of the same coin? -- Methods in the study of clinical reasoning -- Section 3. Collaborative and transdisciplinary reasoning. Collaborative decision making in liquid times -- Ethical reasoning -- Shared decision making in practice -- Using decision aids to involve clients in clinical decision making -- Clinical decision making, social justice and client empowerment -- Clinical decision making across orthodox and complementary medicine fields -- Section 4. Clinical reasoning and the professions. Clinical reasoning in medicine -- Clinical reasoning in nursing -- Clinical reasoning in physiotherapy -- Clinical reasoning in dentistry -- Clinical reasoning in occupational therapy -- Clinical decision making in emergency medicine -- Clinical decision making in paramedicine -- Clinical decision making in optometry -- Clinical reasoning in dietetics -- Clinical reasoning in pharmacy -- Section 5. Teaching clinical reasoning. Pedagogies for teaching and learning clinical reasoning -- Teaching clinical reasoning in medical education courses -- Teaching clinical reasoning in nursing education -- Speech-language pathology students: Learning clinical reasoning -- Clinical reasoning and biomedical knowledge: Implications for teaching -- Cultivating a thinking surgeon, using a Clinical Thinking Pathway as a learning and assessment process: ten years on -- Interprofessional programs to develop clinical reasoning -- Assessing clinical reasoning -- Section 6. Learning clinical reasoning. Learning to communicate clinical reasoning -- Developing clinical reasoning capability -- Remediating learning and performance of clinical reasoning in medicine -- Learning about factors influencing clinical decision making -- Learning reasoning using simulation -- Learning to use evidence to support decision making -- Learning to research clinical reasoning -- Learning clinical reasoning across cultural contexts -- Peer learning to develop clinical reasoning abilities |
| 520 ## - التبصرة الخاصة بالتعليق أو التلخيص | |
| ملخص,الخ | "Clinical reasoning lies at the core of health care practice and education. Clinical Reasoning in the Health Professions, therefore, occupies a central place in the education of health professionals, the enhancement of professional decision making of individuals and groups of practitioners with their clients, and research into optimal practice reasoning."--Publisher's description |
| 650 12 - المدخل الاضافى بالموضوع-مصطلح موضوعى | |
| مصطلح موضوعي أو اسم جغرافي كعنصر مدخل | Clinical Decision-Making |
| 9 (RLIN) | 88553 |
| 650 12 - المدخل الاضافى بالموضوع-مصطلح موضوعى | |
| مصطلح موضوعي أو اسم جغرافي كعنصر مدخل | Logic |
| 9 (RLIN) | 88554 |
| 650 22 - المدخل الاضافى بالموضوع-مصطلح موضوعى | |
| مصطلح موضوعي أو اسم جغرافي كعنصر مدخل | Evidence-Based Practice |
| 9 (RLIN) | 17622 |
| 650 22 - المدخل الاضافى بالموضوع-مصطلح موضوعى | |
| مصطلح موضوعي أو اسم جغرافي كعنصر مدخل | Decision Support Techniques |
| 9 (RLIN) | 38968 |
| 650 22 - المدخل الاضافى بالموضوع-مصطلح موضوعى | |
| مصطلح موضوعي أو اسم جغرافي كعنصر مدخل | Clinical Competence |
| 9 (RLIN) | 88555 |
| 650 #0 - المدخل الاضافى بالموضوع-مصطلح موضوعى | |
| مصطلح موضوعي أو اسم جغرافي كعنصر مدخل | Medical logic |
| 9 (RLIN) | 88556 |
| 650 #0 - المدخل الاضافى بالموضوع-مصطلح موضوعى | |
| مصطلح موضوعي أو اسم جغرافي كعنصر مدخل | Clinical medicine |
| التقسيم الفرعي العام | Decision making |
| 9 (RLIN) | 88557 |
| 700 1# - المدخل الاضافى - اسم شخصى | |
| الإسم الشخصى | Higgs, Joy, |
| الدور | editor |
| 9 (RLIN) | 88558 |
| 700 1# - المدخل الاضافى - اسم شخصى | |
| الإسم الشخصى | Jensen, Gail M., |
| الدور | editor |
| 9 (RLIN) | 45772 |
| 700 1# - المدخل الاضافى - اسم شخصى | |
| الإسم الشخصى | Loftus, Stephen, |
| الدور | editor |
| 9 (RLIN) | 88559 |
| 700 1# - المدخل الاضافى - اسم شخصى | |
| الإسم الشخصى | Christensen, Nicole, |
| الدور | editor |
| 9 (RLIN) | 88560 |
| 776 08 - مدخل الشكل المادى الاضافى | |
| نص العرض | Online version : |
| الرقم الدولى المعيارى للكتاب | 9780702065057 |
| 942 ## - عناصر المدخل الإضافي( كوها) | |
| مصدر التصنيف او مخطط الترفيف | Dewey Decimal Classification |
| Koha [default] item type | كتاب |
| حالة الفقد | نموذج السعر الفعال | حالة تلف | ليس للاعارة | رقم الطلب | تاريخ الاكتساب | الموقع الحالي | الباركود | الفرع الرئيسي | Date last seen | نوع المادة فى نظام كوها | مصدر التصنيف او خطة الترفيف | Total Checkouts | Total Renewals | Date last checked out |
|---|---|---|---|---|---|---|---|---|---|---|---|---|---|---|
| 2021-03-05 | 610.1 CLR | 2021-03-05 | المكتبة المركزية بالمجمعة (CL) | 00167509 | المكتبة المركزية بالمجمعة (CL) | 2021-03-05 | كتاب | Dewey Decimal Classification | ||||||
| 2021-03-05 | 610.1 CLR | 2021-03-05 | المكتبة المركزية بالمجمعة (CL) | 00167510 | المكتبة المركزية بالمجمعة (CL) | 2021-03-05 | كتاب | Dewey Decimal Classification | ||||||
| 2021-03-05 | 610.1 CLR | 2021-03-05 | المكتبة المركزية بالمجمعة (CL) | 00167511 | المكتبة المركزية بالمجمعة (CL) | 2021-03-05 | كتاب | Dewey Decimal Classification | ||||||
| 2021-03-05 | 610.1 CLR | 2021-03-05 | مكتبة كلية العلوم الطبية التطبيقية بالمجمعة - طالبات (AMF) | 00167606 | مكتبة كلية العلوم الطبية التطبيقية بالمجمعة - طالبات (AMF) | 2021-03-05 | كتاب | Dewey Decimal Classification | ||||||
| 2021-03-05 | 610.1 CLR | 2021-03-05 | مكتبة كلية العلوم الطبية التطبيقية بالمجمعة - طالبات (AMF) | 00167607 | مكتبة كلية العلوم الطبية التطبيقية بالمجمعة - طالبات (AMF) | 2024-10-07 | كتاب | Dewey Decimal Classification | 1 | 1 | 2024-09-04 |
